Score 0/28 Timer 06:00
3 Plays Today
% Correct
Blanche Devereaux
87.5%
Bree Van de Kamp
85.1%
Elaine Benes
81.3%
Rose Nylund
80.4%
Dorothy Zbornak
80.4%
Liz Lemon
74.3%
Gabrielle Solis
73.1%
Sophia Petrillo
70.2%
Edie Britt
64.9%
Jill Munroe
64.3%
Kate Austen
63%
Sun-Hwa Kwon
62.8%
Lynette Scavo
62.2%
Ana Lucia Cortez
62.1%
% Correct
Susan Mayer
61.6%
Claire Littleton
60.6%
Mary Alice Young
60.1%
Kelly Garrett
56.8%
Danielle Rousseau
55.6%
Jenna Maroney
55%
Cordelia Foxx
54.9%
Sabrina Duncan
53.6%
Juliet Burke
51.3%
Elsa Mars
50.8%
Marie Laveau
47.7%
Misty Day
46.3%
Karen McCluskey
45.8%
Gloria Mott
40%
Remove Ads.
Support Sporcle.
Get the best of Sporcle when you Go Orange. This ad-free experience offers more features, more stats, and more fun while also helping to support Sporcle. Thank you for becoming a member.

You're not logged in!

Compare scores with friends on all Sporcle quizzes.
OR
Log In

Sporcle TV

Today on Sporcle TV


Watch our educational content, quiz creation guides, and fun videos on Sporcle TV.

Show Comments

Extras

Top Quizzes Today


Score Distribution

Paid Content

Your Account Isn't Verified!

In order to create a playlist on Sporcle, you need to verify the email address you used during registration. Go to your Sporcle Settings to finish the process.

Report this User

Report this user for behavior that violates our Community Guidelines.

Details: